[Event "29. Friedensfest-Open (AFRO-A)"]
[Site "Augsburg"]
[Date "2024.08.09"]
[Round "4.12"]
[White "Steinberger, Michael"]
[Black "Gruettner, Ralf"]
[Result "1/2-1/2"]
[WhiteElo "1819"]
[BlackElo "1997"]
[EventDate "2024.08.08"]
[Time "15:30:00"]
[WhiteNrv "1819"]
[BlackNrv "1997"]
[WhiteTwz "1819"]
[BlackTwz "1997"]
[WhiteFideId "34622373"]
[BlackFideId "4638158"]
[WhiteNatFedId "10612014"]
[BlackNatFedId "10068500"]
[WhiteAttr "M"]
[BlackAttr "M"]
[WhiteTeam "SF Augsburg"]
[BlackTeam "SK Freising"]
[PlyCount "0"]

1.e4 c5 2.Nf3 Nc6 3.d4 cxd4 4.Nxd4 e5 5.Nb5 d6 6.N1c3 a6 7.Na3 Be7 8.Nc4 
Nf6 9.Ne3 O-O 10.f3 Nh5 11.g3 Bg5 12.Ncd5 Be6 13.Bg2 Rc8 14.O-O Nf6 15.c3 
Bxd5 16.Nxd5 Nxd5 17.Qxd5 Bxc1 18.Rfxc1 Qb6+ 19.Kh1 Qxb2 20.Rab1 Qa3 21.
Rd1 b5 22.Bh3 Rc7 23.Qxd6 Qxd6 24.Rxd6 g6 25.Rc1 Rd8 26.Rd5 Kf8 27.c4 b4 
28.c5 Ke7 29.Rcd1 f6 30.Kg1 Nd4 31.Rb1 Rxd5 32.exd5 Rxc5 33.Rxb4 Rc1+ 34.
Bf1 Rc2 35.Bxa6 Rxa2 36.Rb7+ Kd6 37.Rb6+ Kc5 38.Rxf6 Kxd5 39.Bb7+ Kc5 40.
Rf7 h6 41.Rf6 Rb2 42.Be4 Ne2+ 43.Kf1 Nd4 44.h4 g5 45.hxg5 hxg5 46.Rg6 Nb3 
47.Rxg5 Kd4 48.Kg1 Nd2 49.Ba8 Ra2 50.Rg8 Ke3 51.Rf8 e4 52.Bxe4 Nxe4 53.
fxe4 Kxe4 54.Rf4+ Ke5 55.Rf1 Ke6 56.Rf3 Ke5 57.Kh1 Ke6 58.g4 Ra4 59.Rg3 
Kf6 60.Kh2 Kg5 61.Kh3 Ra5 62.Rc3 Rb5 63.Kg3 Ra5 64.Kh3 Rb5 65.Rg3 1/2-1/2

[Event "29. Friedensfest-Open (AFRO-A)"]
[Site "Augsburg"]
[Date "2024.08.09"]
[Round "4.13"]
[White "Stempfle, Tobias"]
[Black "Brand, Leonhard"]
[Result "0-1"]
[WhiteElo "1796"]
[BlackElo "1981"]
[EventDate "2024.08.08"]
[Time "15:30:00"]
[WhiteNrv "1796"]
[BlackNrv "1981"]
[WhiteTwz "1796"]
[BlackTwz "1981"]
[WhiteFideId "24698482"]
[BlackFideId "34649646"]
[WhiteNatFedId "10215172"]
[BlackNatFedId "10655780"]
[WhiteAttr "M"]
[BlackAttr "M"]
[WhiteTeam "SC Garching 1980 e.V."]
[BlackTeam "SK Freising"]
[PlyCount "0"]

1.d4 d5 2.c4 c6 3.cxd5 cxd5 4.Bf4 Nc6 5.e3 Nf6 6.Nc3 a6 7.Be2 Bf5 8.Nf3 e6
9.Qb3 Na5 10.Qa4+ Nc6 11.Ne5 Qc8 12.Nxc6 bxc6 13.O-O Be7 14.Rac1 Qb7 15.a3
O-O 16.b4 Rfc8 17.Nd1 Nd7 18.Nb2 a5 19.b5 c5 20.dxc5 Nxc5 21.Qd1 a4 22.b6 
Bf6 23.Bd6 Ne4 24.Rxc8+ Qxc8 25.Bc7 Nc3 26.Qd2 Qb7 27.Rc1 Rc8 28.Rxc3 Bxc3
29.Qxc3 Qxb6 30.Bxb6 Rxc3 31.Nxa4 Rc1+ 32.Bf1 Bd3 33.h3 Rxf1+ 34.Kh2 Rxf2 
35.Kg1 Ra2 36.Bc5 Be4 37.g4 f5 38.gxf5 Bxf5 39.h4 Kf7 40.Nc3 Rc2 41.Bd4 g6
42.a4 Bd3 43.a5 Bc4 44.e4 g5 45.hxg5 Kg6 46.exd5 exd5 47.a6 Bxa6 48.Nxd5 
Bb7 49.Ne3 Rc1+ 50.Kf2 Kxg5 51.Be5 Rb1 52.Kg3 h5 53.Bf4+ Kg6 54.Bc7 Rb3 
55.Bf4 Ra3 56.Kh4 Bc8 57.Kg3 Be6 58.Kh4 Ra4 59.Kg3 h4+ 60.Kf3 Kh5 61.Nf1 
Bg4+ 62.Ke3 Ra3+ 63.Ke4 Bf3+ 64.Kf5 Bg4+ 65.Ke4 h3 66.Nh2 Bc8 67.Kd4 Kh4 
68.Ke4 Bb7+ 69.Kd4 Bg2 70.Be5 Kg5 71.Bc7 Kf5 72.Bb8 Ra8 73.Bc7 Rc8 74.Bg3 
Re8 75.Bc7 Re4+ 76.Kd3 Re7 77.Bb8 Be4+ 78.Ke3 Rb7 79.Bd6 Rb3+ 80.Kf2 Bg2 
81.Bc7 Kg5 82.Bd8+ Kh5 83.Bc7 Rc3 84.Bb8 Kh4 85.Bd6 Rc2+ 86.Ke3 Bb7 87.
Be7+ Kg3 88.Bd6+ Kg2 89.Bb8 Kg1 90.Ng4 Bc8 91.Kd3 Ra2 92.Ne5 Bb7 93.Ng4 
Bf3 94.Bh2+ Rxh2 95.Nxh2 Kxh2 0-1

[Event "29. Friedensfest-Open (AFRO-A)"]
[Site "Augsburg"]
[Date "2024.08.09"]
[Round "4.14"]
[White "Wolf, Armin"]
[Black "Hoeller, Armin"]
[Result "1-0"]
[WhiteElo "2216"]
[BlackElo "1942"]
[EventDate "2024.08.08"]
[Time "15:30:00"]
[WhiteNrv "2216"]
[BlackNrv "1942"]
[WhiteTwz "2216"]
[BlackTwz "1942"]
[WhiteTitle "FM"]
[WhiteFideId "4685954"]
[BlackFideId "24651923"]
[WhiteNatFedId "10245952"]
[BlackNatFedId "10085787"]
[WhiteAttr "M"]
[BlackAttr "*"]
[WhiteTeam "SAbt TSV Haunstetten"]
[BlackTeam "SK Weilheim e.V."]
[PlyCount "0"]

1.e4 e5 2.Nf3 Nc6 3.Bc4 Nf6 4.d3 Be7 5.O-O O-O 6.Re1 d6 7.a4 Nd7 8.a5 Nc5 
9.c3 Bg4 10.h3 Bh5 11.Nbd2 Qd7 12.Nf1 Bg6 13.Ng3 Rad8 14.b4 Ne6 15.a6 Rb8 
16.Qa4 Bf6 17.Bb5 Ned8 18.axb7 Rxb7 19.Be3 d5 20.Bc5 Re8 21.Rad1 Qe6 22.d4
Rxb5 23.Qxb5 a6 24.Qa4 dxe4 25.d5 Qc8 26.Nxe4 Bxe4 27.Rxe4 Qd7 28.dxc6 1-0

[Event "29. Friedensfest-Open (AFRO-A)"]
[Site "Augsburg"]
[Date "2024.08.09"]
[Round "4.15"]
[White "Zill, Christoph"]
[Black "Kelemen, Alexander"]
[Result "1-0"]
[WhiteElo "2140"]
[BlackElo "1914"]
[EventDate "2024.08.08"]
[Time "15:30:00"]
[WhiteNrv "2140"]
[BlackNrv "1914"]
[WhiteTwz "2140"]
[BlackTwz "1914"]
[WhiteTitle "FM"]
[WhiteFideId "4688856"]
[BlackFideId "12906700"]
[WhiteNatFedId "10250521"]
[BlackNatFedId "10254955"]
[WhiteAttr "M"]
[BlackAttr "M"]
[WhiteTeam "SK Freising"]
[BlackTeam "SC Weisse Dame Ulm e.V."]
[PlyCount "0"]

1.e4 c6 2.d4 d5 3.e5 Bf5 4.h4 h5 5.Bg5 Qb6 6.Bd3 Bxd3 7.Qxd3 Qxb2 8.e6 
Qxa1 9.Qb3 Qxd4 10.Qxb7 Qe5+ 11.Ne2 Qxe6 12.Qxa8 Qc8 13.Bf4 e6 14.Qxb8 
Qxb8 15.Bxb8 Bc5 16.O-O Nf6 17.Be5 O-O 18.Bxf6 gxf6 19.Nd2 e5 20.c4 Rb8 
21.Nb3 Bb6 22.cxd5 cxd5 23.Ng3 Kg7 24.Nf5+ Kh7 25.Rc1 Rd8 26.Rc6 Kg6 27.
Ne7+ Kg7 28.Nc8 d4 29.Nxb6 axb6 30.Rxb6 Ra8 31.Nc1 Rc8 32.Nd3 e4 33.Nf4 
Rc1+ 34.Kh2 d3 35.Rd6 Kf8 36.Nxh5 Rc2 37.Nxf6 Rxf2 38.Nxe4 Rxa2 39.Rxd3 
Ra4 40.Re3 f5 41.Nd6 Rxh4+ 42.Kg1 f4 43.Re8+ 1-0

[Event "29. Friedensfest-Open (AFRO-A)"]
[Site "Augsburg"]
[Date "2024.08.09"]
[Round "4.16"]
[White "Tarasenko, Oleksii"]
[Black "Seyb, Dieter"]
[Result "0-1"]
[WhiteElo "1902"]
[BlackElo "2138"]
[EventDate "2024.08.08"]
[Time "15:30:00"]
[WhiteNrv "1902"]
[BlackNrv "2138"]
[WhiteTwz "1902"]
[BlackTwz "2138"]
[BlackTitle "FM"]
[WhiteFideId "34662316"]
[BlackFideId "4603346"]
[WhiteNatFedId "10873809"]
[BlackNatFedId "10207061"]
[WhiteAttr "M"]
[BlackAttr "M"]
[WhiteTeam "SK Ingolstadt"]
[BlackTeam "FSV Grossenseebach"]
[PlyCount "0"]

1.d4 Nf6 2.c4 g6 3.f3 Nc6 4.d5 Ne5 5.e4 d6 6.Nc3 Bg7 7.Be3 O-O 8.Qd2 e6 9.
Bg5 h6 10.Bxh6 Nxe4 11.Qf4 Nxc3 12.Bxg7 Kxg7 13.bxc3 Qf6 14.Qxf6+ Kxf6 15.
Kd2 b6 16.Rd1 Ba6 17.Ke3 Bxc4 18.Bxc4 Nxc4+ 19.Kf2 Rae8 20.Nh3 Ne5 21.Nf4 
Nd7 22.Rhe1 e5 23.Nd3 Kg7 24.g4 Rh8 25.Kg3 f5 26.g5 f4+ 27.Kg4 Rxh2 28.
Nxf4 Nc5 29.Re2 Reh8 30.Rdd2 R2h4+ 0-1

[Event "29. Friedensfest-Open (AFRO-A)"]
[Site "Augsburg"]
[Date "2024.08.09"]
[Round "4.18"]
[White "Weichlein, Paul"]
[Black "Latka, Robert"]
[Result "0-1"]
[WhiteElo "2045"]
[BlackElo "1837"]
[EventDate "2024.08.08"]
[Time "15:30:00"]
[WhiteNrv "2045"]
[BlackNrv "1837"]
[WhiteTwz "2045"]
[BlackTwz "1837"]
[WhiteFideId "4671643"]
[BlackFideId "24690074"]
[WhiteNatFedId "10236793"]
[BlackNatFedId "10124815"]
[WhiteAttr "*"]
[BlackAttr "M"]
[WhiteTeam "SAbt TSV Haunstetten"]
[BlackTeam "fuss brothers Jena"]
[PlyCount "0"]

1.d4 Nf6 2.c4 g6 3.h4 Bg7 4.Nc3 d5 5.h5 gxh5 6.cxd5 Nxd5 7.e4 Nxc3 8.bxc3 
c5 9.Bc4 cxd4 10.Qxh5 e6 11.Nf3 Nc6 12.Ng5 Qf6 13.f4 h6 14.e5 Qg6 15.Qxg6 
fxg6 16.Nxe6 Bxe6 17.Bxe6 dxc3 18.Rb1 Nd4 19.Bd5 Rb8 20.O-O b5 21.Be3 Rd8 
22.Be4 g5 23.Bg6+ Ke7 24.fxg5 Bxe5 25.gxh6 Bg3 26.Bg5+ Ke6 27.Bf7+ Kd6 28.
Rbd1 Kc6 29.Bh5 Rd5 30.Rf6+ Kc5 31.Be3 c2 32.Bxd4+ Rxd4 33.Rc1 Rd2 34.Bf3 
Rc8 35.h7 Be5 36.Rf5 Kd6 37.Be4 Rd1+ 38.Rf1 Bd4+ 39.Kh2 Rxf1 0-1

[Event "29. Friedensfest-Open (AFRO-A)"]
[Site "Augsburg"]
[Date "2024.08.09"]
[Round "4.19"]
[White "Nitsch, Markus"]
[Black "Brem, Stephan"]
[Result "0-1"]
[WhiteElo "1877"]
[BlackElo "2043"]
[EventDate "2024.08.08"]
[Time "15:30:00"]
[WhiteNrv "1877"]
[BlackNrv "2043"]
[WhiteTwz "1877"]
[BlackTwz "2043"]
[WhiteFideId "34681124"]
[BlackFideId "4617266"]
[WhiteNatFedId "10849719"]
[BlackNatFedId "10024047"]
[WhiteAttr "M"]
[BlackAttr "*"]
[WhiteTeam "SK Caissa Augsburg"]
[BlackTeam "SK Muenchen Suedost e.V."]
[PlyCount "0"]

1.d4 b6 2.e4 Bb7 3.Bd3 Nf6 4.Qe2 Nc6 5.c3 e5 6.d5 Ne7 7.Be3 Ng6 8.g3 c6 9.
c4 Bb4+ 10.Bd2 Qe7 11.Nc3 O-O 12.h4 h5 13.Nh3 b5 14.dxc6 dxc6 15.f3 Rad8 
16.cxb5 Qd7 17.Bc4 Qc8 18.Ng5 cxb5 19.Bxb5 a6 20.Bc4 Rd4 21.Bb3 a5 22.O-O 
Ba6 23.Qf2 a4 24.Rfc1 axb3 25.Nd5 Rxd2 26.Rxc8 Rxc8 27.Nxb4 Rxf2 28.Kxf2 
Bc4 29.a4 Rb8 30.Nc6 Rb6 31.Na5 Bd3 32.Ra3 Bc2 33.Nc4 Rb4 34.Nd2 Ne7 35.a5
Nc8 36.a6 Na7 37.Ra5 Rb5 38.Ra4 Nd7 39.Rc4 Nc5 40.f4 f6 41.Ngf3 Bd3 42.Rc3
Bxe4 43.fxe5 Bxf3 44.Kxf3 fxe5 45.Nc4 Na4 46.Re3 Nc6 47.Ke4 Rc5 48.Kd3 
Rd5+ 49.Ke4 Rd4+ 0-1

[Event "29. Friedensfest-Open (AFRO-A)"]
[Site "Augsburg"]
[Date "2024.08.09"]
[Round "4.20"]
[White "Kuehn, Marvin"]
[Black "Blodig, Vincent"]
[Result "0-1"]
[WhiteElo "1862"]
[BlackElo "2034"]
[EventDate "2024.08.08"]
[Time "15:30:00"]
[WhiteNrv "1862"]
[BlackNrv "2034"]
[WhiteTwz "1862"]
[BlackTwz "2034"]
[WhiteFideId "16281667"]
[BlackFideId "16297857"]
[WhiteNatFedId "10709624"]
[BlackNatFedId "10680650"]
[WhiteAttr "M"]
[BlackAttr "M"]
[WhiteTeam "SK Graefelfing"]
[BlackTeam "SF Augsburg"]
[PlyCount "0"]

1.e4 e5 2.Nf3 Nc6 3.Bc4 Nf6 4.O-O Nxe4 5.d4 Nd6 6.Bb3 exd4 7.Nxd4 Be7 8.
Qg4 O-O 9.Nc3 Bf6 10.Be3 Nxd4 11.Bxd4 Bxd4 12.Qxd4 Nf5 13.Qf4 d6 14.Rfe1 
Bd7 15.Rad1 Nh4 16.Nd5 Ng6 17.Qc4 c6 18.Nf4 d5 19.Qb4 c5 20.Qxb7 Nxf4 21.
Bxd5 Nxd5 22.Rxd5 Re8 23.Red1 Qe7 24.h3 Ba4 25.Qxe7 Rxe7 26.Rxc5 f6 27.Rd4
Be8 28.a4 Kf7 29.a5 Rb8 30.b4 Rb5 31.Rxb5 Bxb5 32.c4 Be8 33.b5 Rb7 34.Rd6 
Ke7 35.Ra6 Rc7 36.Kh2 Bd7 37.Rxa7 Rxa7 38.b6 Rb7 39.c5 Bc6 40.a6 Rb8 41.b7
Bxb7 0-1

[Event "29. Friedensfest-Open (AFRO-A)"]
[Site "Augsburg"]
[Date "2024.08.09"]
[Round "4.21"]
[White "Vuong, Anh-Tu"]
[Black "Franke, Maximilian"]
[Result "0-1"]
[WhiteElo "2010"]
[BlackElo "1834"]
[EventDate "2024.08.08"]
[Time "15:30:00"]
[WhiteNrv "2010"]
[BlackNrv "1834"]
[WhiteTwz "2010"]
[BlackTwz "1834"]
[WhiteFideId "34658920"]
[BlackFideId "16271114"]
[WhiteNatFedId "10232351"]
[BlackNatFedId "10053132"]
[WhiteAttr "M"]
[BlackAttr "M"]
[WhiteTeam "TSV Landsberg 1882"]
[BlackTeam "SC Bavaria Regensburg vo"]
[PlyCount "0"]

1.d4 Nf6 2.c4 e6 3.g3 c5 4.d5 exd5 5.cxd5 d6 6.Nc3 g6 7.Bg2 Bg7 8.Nf3 O-O 
9.O-O Re8 10.Bf4 a6 11.a4 h6 12.Qc1 g5 13.Bd2 Bf5 14.h4 g4 15.Ne1 Kh7 16.
Nc2 Nbd7 17.Ne3 Bg6 18.Nc4 Nb6 19.Nxb6 Qxb6 20.a5 Qc7 21.Re1 b5 22.Bf4 Nd7
23.e4 c4 24.Qd1 h5 25.f3 gxf3 26.Bxf3 Ne5 27.Bxh5 Nd3 28.Bxg6+ fxg6 29.h5 
Qa7+ 30.Be3 Bd4 31.hxg6+ Kg8 32.Qe2 Nxe1 33.Rxe1 b4 34.Nd1 Rxe4 35.Qh5 
Rae8 36.Kf2 Bxe3+ 37.Nxe3 R8e7 38.Qh6 Qd4 39.Re2 c3 40.bxc3 bxc3 41.g7 
Rxg7 42.Kg2 Qe5 43.Qh3 Qe8 44.Qh6 c2 45.Re1 c1=Q 0-1

[Event "29. Friedensfest-Open (AFRO-A)"]
[Site "Augsburg"]
[Date "2024.08.09"]
[Round "4.22"]
[White "Heilig, Tim Markus"]
[Black "Luhn, Robert"]
[Result "1-0"]
[WhiteElo "1851"]
[BlackElo "1996"]
[EventDate "2024.08.08"]
[Time "15:30:00"]
[WhiteNrv "1851"]
[BlackNrv "1996"]
[WhiteTwz "1851"]
[BlackTwz "1996"]
[WhiteFideId "16295935"]
[BlackFideId "4683498"]
[WhiteNatFedId "10692999"]
[BlackNatFedId "10133213"]
[WhiteAttr "M"]
[BlackAttr "M"]
[WhiteTeam "SF 1876 Goeppingen"]
[BlackTeam "SK Caissa Augsburg"]
[PlyCount "0"]

1.e4 c5 2.c3 Nf6 3.e5 Nd5 4.Nf3 e6 5.Bc4 Nb6 6.Bb3 c4 7.Bc2 d6 8.exd6 Qxd6
9.O-O Be7 10.a4 Bd7 11.Na3 Qc7 12.Re1 Bxa3 13.Rxa3 Bc6 14.a5 Nd5 15.d3 
cxd3 16.Qxd3 Nd7 17.b4 a6 18.Bd2 Rd8 19.c4 Nf4 20.Qd4 Nh5 21.Qh4 Ndf6 22.
Be3 Rc8 23.Bc5 Qf4 24.Qxf4 Nxf4 25.Ba4 Bxa4 26.Rxa4 Nd3 27.Rb1 Ne4 28.Kf1 
Ndxc5 29.bxc5 Nc3 30.Rab4 Nxb1 31.Rxb1 O-O 32.Ne5 Rc7 33.c6 bxc6 34.Rb6 f6
35.Nd3 Rd8 36.Nc5 Kf7 37.Nxa6 Rcc8 38.Nc5 Rb8 39.Nb7 Rf8 40.c5 Ke7 41.a6 
Kd7 42.Na5 Rfc8 43.Nc4 e5 44.Rxb8 Rxb8 45.a7 Rb1+ 46.Ke2 Ra1 47.a8=Q Rxa8 
48.Nb6+ Ke6 49.Nxa8 Kd5 50.Nc7+ Kxc5 51.Ne6+ Kd5 52.Nxg7 c5 53.Kd2 Ke4 54.
Nh5 f5 55.Nf6+ Kd4 56.Nxh7 c4 57.Ng5 c3+ 58.Kc2 e4 59.h4 f4 60.h5 e3 61.
fxe3+ 1-0

[Event "29. Friedensfest-Open (AFRO-A)"]
[Site "Augsburg"]
[Date "2024.08.09"]
[Round "4.23"]
[White "Mayer, Manuel"]
[Black "Weil, Volker"]
[Result "1-0"]
[WhiteElo "1832"]
[BlackElo "1977"]
[EventDate "2024.08.08"]
[Time "15:30:00"]
[WhiteNrv "1832"]
[BlackNrv "1977"]
[WhiteTwz "1832"]
[BlackTwz "1977"]
[WhiteFideId "34636838"]
[BlackFideId "4612949"]
[WhiteNatFedId "10762354"]
[BlackNatFedId "10237275"]
[WhiteAttr "M"]
[BlackAttr "*"]
[WhiteTeam "TSV Landsberg 1882"]
[BlackTeam "SV Lahn Limburg"]
[PlyCount "0"]

1.d4 d6 2.e4 Nf6 3.Nc3 e5 4.Nf3 exd4 5.Nxd4 Be7 6.Be2 O-O 7.O-O Re8 8.Be3 
Bf8 9.Bg5 h6 10.Bh4 c6 11.f4 Be7 12.Bg3 c5 13.Nf3 Nc6 14.Qd2 a6 15.a4 Nb4 
16.Rad1 Bg4 17.h3 Bh5 18.Bc4 Bf8 19.e5 dxe5 20.Qf2 Qb6 21.fxe5 Nh7 22.Ne4 
Qc6 23.Nd6 Bxd6 24.exd6 Qe4 25.d7 Qxc4 26.dxe8=Q+ Rxe8 27.Rfe1 Rc8 28.c3 
Nc6 29.Rd7 Qxa4 30.Qxc5 Bxf3 31.gxf3 Ng5 32.Qf5 g6 33.Qd5 Qa5 34.Qxa5 Nxa5
35.Kg2 Ne6 36.b4 Nb3 37.Rxb7 Rxc3 38.Rb8+ Kh7 39.Rh8+ Kxh8 40.Be5+ Kh7 41.
Bxc3 g5 42.Rd1 1-0

[Event "29. Friedensfest-Open (AFRO-A)"]
[Site "Augsburg"]
[Date "2024.08.09"]
[Round "4.24"]
[White "Yin, Stanley"]
[Black "Thielke, Pascal"]
[Result "0-1"]
[WhiteElo "1975"]
[BlackElo "1779"]
[EventDate "2024.08.08"]
[Time "15:30:00"]
[WhiteNrv "1975"]
[BlackNrv "1779"]
[WhiteTwz "1975"]
[BlackTwz "1779"]
[WhiteFideId "24622729"]
[BlackFideId "16241576"]
[WhiteNatFedId "10248263"]
[BlackNatFedId "10579625"]
[WhiteAttr "M"]
[BlackAttr "M"]
[WhiteTeam "SC Thallichtenberg"]
[BlackTeam "SF Bad Groenenbach"]
[PlyCount "0"]

1.c4 e5 2.Nc3 Nc6 3.g3 Bc5 4.Bg2 a6 5.e3 Ba7 6.Nge2 d6 7.d4 Nge7 8.d5 Nb8 
9.b4 O-O 10.h3 Bf5 11.O-O Bg6 12.Kh2 Nd7 13.f4 h6 14.g4 f5 15.Qe1 fxg4 16.
e4 exf4 17.Nxf4 Ne5 18.Nce2 Nf3+ 19.Bxf3 gxf3 20.Rxf3 Bxe4 21.Ne6 Rxf3 22.
Nxd8 Rxd8 23.Nf4 Rf2+ 24.Kg3 Rf3+ 25.Kh2 Rf2+ 26.Kg3 Nf5+ 27.Kg4 Re8 28.
Ne6 Bd3 29.h4 Be2+ 30.Kh3 h5 0-1

[Event "29. Friedensfest-Open (AFRO-A)"]
[Site "Augsburg"]
[Date "2024.08.09"]
[Round "4.25"]
[White "Schrimpf, Michael"]
[Black "Eichschmied, Patrick"]
[Result "0-1"]
[WhiteElo "1780"]
[BlackElo "1956"]
[EventDate "2024.08.08"]
[Time "15:30:00"]
[WhiteNrv "1780"]
[BlackNrv "1956"]
[WhiteTwz "1780"]
[BlackTwz "1956"]
[WhiteFideId "1676237"]
[BlackFideId "24683663"]
[BlackNatFedId "10043123"]
[WhiteAttr "M"]
[BlackAttr "M"]
[WhiteTeam "SF Augsburg"]
[BlackTeam "MTV Ingolstadt"]
[PlyCount "0"]

1.e4 e5 2.Nf3 Nc6 3.Bc4 Nf6 4.Ng5 d5 5.exd5 Na5 6.Bb5+ c6 7.dxc6 bxc6 8.
Bd3 Nd5 9.h4 h6 10.Qh5 Qf6 11.Nh7 Rxh7 12.Bxh7 g6 13.Qe2 Be6 14.Nc3 Qg7 
15.Nxd5 Bxd5 16.b3 Nb7 17.Bb2 Qxh7 18.Bxe5 Kd7 19.Rh3 Re8 20.O-O-O Bc5 21.
Rd3 Kc8 22.c4 Be6 23.Qe4 Nd8 24.Rxd8+ Kxd8 25.Qxc6 Ba3+ 26.Kc2 Bf5+ 27.d3 
Rxe5 28.Qa8+ Bc8 29.Qxa7 Bd6 30.Qd4 Ke7 31.f4 Re2+ 32.Kb1 Qg8 33.c5 Bc7 
34.c6 Qd8 35.Qc5+ Qd6 36.Qxd6+ Kxd6 37.Rc1 Bf5 38.b4 Bxd3+ 39.Ka1 Bb6 0-1

[Event "29. Friedensfest-Open (AFRO-A)"]
[Site "Augsburg"]
[Date "2024.08.09"]
[Round "4.26"]
[White "Mayer, Arnd"]
[Black "Sensoy, Emir"]
[Result "1-0"]
[WhiteElo "1952"]
[BlackElo "1776"]
[EventDate "2024.08.08"]
[Time "15:30:00"]
[WhiteNrv "1952"]
[BlackNrv "1776"]
[WhiteTwz "1952"]
[BlackTwz "1776"]
[WhiteFideId "4644573"]
[BlackFideId "34607390"]
[WhiteNatFedId "10138775"]
[BlackNatFedId "10730374"]
[WhiteAttr "*"]
[BlackAttr "M"]
[WhiteTeam "SV Jedesheim 1921"]
[BlackTeam "MSA Zugzwang 82 e.V."]
[PlyCount "0"]

1.c4 c5 2.Nf3 Nc6 3.g3 g6 4.Bg2 Bg7 5.O-O e6 6.e4 Nge7 7.Nc3 O-O 8.d3 a6 
9.Be3 d6 10.d4 cxd4 11.Nxd4 Qc7 12.Rc1 Ne5 13.b3 N7c6 14.Na4 Nb4 15.f4 
Ned3 16.a3 Nxc1 17.axb4 Bxd4 18.Bxd4 b5 19.Nb6 Rb8 20.Nxc8 Nxb3 21.Ne7+ 
Qxe7 22.Qxb3 e5 23.fxe5 dxe5 24.Bc5 bxc4 25.Qa2 Qd7 26.Bxf8 Qd4+ 27.Kh1 
Kxf8 28.Qxa6 c3 29.Qe6 Qa7 30.Qxe5 Rc8 31.Qh8+ Ke7 32.Qxc8 Qa3 33.Qc7+ Ke6
34.Qxf7+ Kd6 35.e5+ 1-0

[Event "29. Friedensfest-Open (AFRO-A)"]
[Site "Augsburg"]
[Date "2024.08.09"]
[Round "4.27"]
[White "Rempel, Alexander"]
[Black "Edelmann, Oliver"]
[Result "0-1"]
[WhiteElo "1715"]
[BlackElo "1944"]
[EventDate "2024.08.08"]
[Time "15:30:00"]
[WhiteNrv "1715"]
[BlackNrv "1944"]
[WhiteTwz "1715"]
[BlackTwz "1944"]
[WhiteFideId "34618600"]
[BlackFideId "16272650"]
[WhiteNatFedId "10586418"]
[BlackNatFedId "10703890"]
[WhiteAttr "M"]
[BlackAttr "M"]
[WhiteTeam "SF Augsburg"]
[BlackTeam "SK Graefelfing"]
[PlyCount "0"]

1.e4 c6 2.Nf3 d5 3.d3 dxe4 4.dxe4 Qxd1+ 5.Kxd1 Nf6 6.Nfd2 Nbd7 7.f3 h5 8.
h4 g6 9.c3 Bh6 10.a4 a5 11.Kc2 Nc5 12.Na3 Nxa4 13.Nb5 cxb5 14.Bxb5+ Bd7 
15.Bxd7+ Nxd7 16.Rxa4 Nc5 17.Rc4 Ne6 18.Nb3 Bxc1 19.Rxc1 b5 20.Rc6 Kd7 21.
Rb6 a4 22.Nd4 Nxd4+ 23.cxd4 Rhb8 24.Rxb8 Rxb8 25.Kd3 f6 26.d5 Ra8 27.Ra1 
Rc8 28.Kd2 Kd6 29.Ra3 Rc4 30.b3 Rd4+ 31.Kc2 Kc5 32.Ra1 f5 33.bxa4 Rxa4 34.
Re1 fxe4 35.fxe4 Kd4 36.Kb3 Ke5 37.Rc1 Rxe4 38.Rc5 Rxh4 39.Rxb5 Rg4 40.g3 
Rxg3+ 41.Kc4 h4 42.Kc5 h3 43.Kc6 Kf6 44.Rb1 h2 45.Rf1+ Kg5 46.Rh1 Rg2 47.
Kd7 Re2 48.Rf1 Kg4 49.Rf7 0-1

[Event "29. Friedensfest-Open (AFRO-A)"]
[Site "Augsburg"]
[Date "2024.08.09"]
[Round "4.28"]
[White "Bodriyenko, Markiyan"]
[Black "Herb, Stefan"]
[Result "1-0"]
[WhiteElo "1889"]
[BlackElo "2085"]
[EventDate "2024.08.08"]
[Time "15:30:00"]
[WhiteNrv "1889"]
[BlackNrv "2085"]
[WhiteTwz "1889"]
[BlackTwz "2085"]
[WhiteFideId "34606696"]
[BlackFideId "4627903"]
[WhiteNatFedId "10682789"]
[BlackNatFedId "10080993"]
[WhiteAttr "M"]
[BlackAttr "M"]
[WhiteTeam "SF 59 Kornwestheim"]
[BlackTeam "SAbt TSV Haunstetten"]
[PlyCount "0"]

1.e4 c6 2.Nf3 d5 3.exd5 cxd5 4.Ne5 Nc6 5.d4 Nf6 6.Bf4 Qb6 7.Nc3 Bf5 8.Nxc6
bxc6 9.Rb1 e6 10.a3 a5 11.Be2 Be7 12.O-O O-O 13.Re1 a4 14.h4 h6 15.g4 Bg6 
16.h5 Bh7 17.g5 hxg5 18.Bxg5 c5 19.Bd3 cxd4 20.Bxh7+ Kxh7 21.Ne2 e5 22.Ng3
Qe6 23.Qf3 Ng8 24.Bxe7 Nxe7 25.Rbd1 f5 26.Rxd4 f4 27.Rxf4 Kg8 28.Rxf8+ 
Rxf8 29.Qe3 Nc6 30.Qc5 Rf4 31.c3 Rc4 32.Qe3 Qh3 33.Qd3 Qe6 34.Qe3 d4 35.
cxd4 Nxd4 36.Kg2 Nc6 37.Qf3 Rh4 38.Nf5 e4 39.Qg3 Qxf5 40.Qxh4 Qf3+ 41.Kg1 
1-0

[Event "29. Friedensfest-Open (AFRO-A)"]
[Site "Augsburg"]
[Date "2024.08.09"]
[Round "4.29"]
[White "Komarov, Jan"]
[Black "Watzenberger, Stefan"]
[Result "1/2-1/2"]
[WhiteElo "1888"]
[BlackElo "2051"]
[EventDate "2024.08.08"]
[Time "15:30:00"]
[WhiteNrv "1888"]
[BlackNrv "2051"]
[WhiteTwz "1888"]
[BlackTwz "2051"]
[WhiteFideId "12959430"]
[BlackFideId "12941875"]
[WhiteNatFedId "10407248"]
[BlackNatFedId "10235251"]
[WhiteAttr "M"]
[BlackAttr "M"]
[WhiteTeam "SK Muenchen Suedost e.V."]
[BlackTeam "SC Sendling e.V."]
[PlyCount "0"]

1.e4 e5 2.Nf3 Nc6 3.Nc3 Nf6 4.d4 exd4 5.Nxd4 Bb4 6.Nxc6 bxc6 7.Bd3 d5 8.
Bd2 O-O 9.O-O Re8 10.Nxd5 Nxd5 11.exd5 Bxd2 12.Qxd2 cxd5 13.Rfe1 Rxe1+ 14.
Rxe1 Be6 15.Qa5 Qd6 16.Qb5 c5 17.b3 Qb6 18.h3 Rb8 19.Qxb6 axb6 20.a4 g5 
21.Re5 h6 22.h4 gxh4 23.f4 Kg7 24.Kh2 Rd8 25.Bf5 Bxf5 26.Rxf5 Rd6 27.Kh3 
d4 28.a5 Kg6 29.Kg4 bxa5 30.Rxc5 d3 31.cxd3 Rxd3 32.Kxh4 Rxb3 33.Rxa5 Rb1 
1/2-1/2

[Event "29. Friedensfest-Open (AFRO-A)"]
[Site "Augsburg"]
[Date "2024.08.09"]
[Round "4.30"]
[White "Seisenberger, Georg"]
[Black "Vranckx, Oscar"]
[Result "1/2-1/2"]
[WhiteElo "2031"]
[BlackElo "1937"]
[EventDate "2024.08.08"]
[Time "15:30:00"]
[WhiteNrv "2031"]
[BlackNrv "1937"]
[WhiteTwz "2031"]
[BlackTwz "1937"]
[WhiteFideId "12903574"]
[BlackFideId "34608788"]
[WhiteNatFedId "10206064"]
[BlackNatFedId "10733103"]
[WhiteAttr "M"]
[BlackAttr "M"]
[WhiteTeam "SV Ilmmuenster"]
[BlackTeam "Sfr.Mainz 1928"]
[PlyCount "0"]

1.d4 d5 2.c4 e6 3.Nc3 c5 4.Nf3 Nc6 5.cxd5 exd5 6.dxc5 Bxc5 7.e3 Nf6 8.Be2 
Be6 9.O-O Qe7 10.Nb5 O-O 11.Nbd4 Rac8 12.b3 Ne4 13.Bb2 Rfd8 14.Rc1 Nb4 15.
Ra1 Nc6 16.Nxc6 bxc6 17.Nd4 Bd6 18.Nxe6 fxe6 19.Bd3 Nf6 20.Rc1 c5 21.Qf3 
Rf8 22.Qe2 Qf7 23.g3 Kh8 24.e4 Ne8 25.Rce1 Nc7 26.f4 Rce8 27.Qc2 Qh5 28.
Be2 Qg6 29.Bd3 Qh5 30.Be2 1/2-1/2

[Event "29. Friedensfest-Open (AFRO-A)"]
[Site "Augsburg"]
[Date "2024.08.09"]
[Round "4.31"]
[White "Portnov, Dmitry"]
[Black "Latka, Richard"]
[Result "1-0"]
[WhiteElo "2011"]
[BlackElo "1911"]
[EventDate "2024.08.08"]
[Time "15:30:00"]
[WhiteNrv "2011"]
[BlackNrv "1911"]
[WhiteTwz "2011"]
[BlackTwz "1911"]
[WhiteFideId "34160086"]
[BlackFideId "24690082"]
[WhiteNatFedId "10795839"]
[BlackNatFedId "10262408"]
[WhiteAttr "M"]
[BlackAttr "M"]
[WhiteTeam "SC Weisse Dame Ulm e.V."]
[BlackTeam "fuss brothers Jena"]
[PlyCount "0"]

1.d4 Nf6 2.c4 g6 3.f3 c5 4.d5 d6 5.e4 Bg7 6.Nc3 O-O 7.Nge2 Na6 8.Ng3 Nc7 
9.Be2 Bd7 10.Bf4 Rb8 11.a4 a6 12.a5 b5 13.axb6 Rxb6 14.Qd2 Qb8 15.Ra2 Qb7 
16.O-O Rb8 17.Rb1 Rb4 18.Bh6 Bh8 19.h4 a5 20.Qg5 a4 21.Nd1 Rb3 22.Rba1 Na6
23.Ra3 Rxa3 24.Rxa3 Qb4 25.Qc1 Qe1+ 26.Kh2 Nh5 27.Nxh5 Qxh4+ 28.Kg1 Qxh5 
29.Be3 f5 30.exf5 gxf5 31.Qd2 Rb4 32.f4 Qe8 33.Bf2 Qb8 34.Rg3+ Kf8 35.Rh3 
Kg8 36.Qe3 Bf6 37.Rg3+ Kh8 38.Kh1 Rb3 39.Qd2 Rxg3 40.Bxg3 Qb3 41.Be1 Nb4 
42.Nc3 Na2 43.Nd1 Qb4 44.Kg1 Nc1 45.Kf1 Nxe2 46.Qxe2 Qb3 47.Bc3 Bxc3 48.
Nxc3 a3 49.Qxe7 Qxc4+ 50.Ke1 h6 51.Qd8+ Kg7 52.Qxd7+ Kg6 53.Qe6+ Kg7 54.
Qe7+ Kg6 55.Qe6+ Kg7 56.Qe2 Qb3 57.Qe7+ Kg6 58.Qxd6+ Kh5 59.Qf6 Qc2 60.
bxa3 Qc1+ 61.Ke2 Qc2+ 62.Kf3 c4 63.Qf7+ Kh4 64.g3+ 1-0